000
00281nam a22001337a 4500
008
181016b xxu||||| |||| 00| 0 eng d
020
_a
0153817003
041
_a
eng
080
_a
370
100
_a
49
101
_a
EDU
245
_a
Nouveax.COPAINS
_c
Baker.R.l
942
_2
udc
_c
BK
999
_c
49947
_d
49947